000 00873nam a22002297a 4500
003 DO-SdBNP
005 20221102151813.0
007 ta
008 221102b2022 dr a|||| |||| 00| 0 spa d
020 _a9789945934700
040 _aDO-SdBNP
_bspa
_cBNPHU
082 4 _222
100 1 _aRamírez Arias, Wilson Diómedes
_982670
245 1 0 _a¡¡¡ Cuida no tener los bolsillos rotos !!! /
_brecomendaciones en la administración de las finanzas personales y prevención al contraer deudas /
_cWilson Diómedes Ramírez Arias ; prólogo Adanessa María Amador de Jesús
260 _aSanto Domingo :
_bs.n.,
_c2022.
300 _a166 p. :
_bil. ;
_c21 cm.
500 _aIncluye datos biográficos del autor en la contracubierta
590 _aInventariado, 2022/BT
700 1 _aAmador Jesús, Adenessa María de,
_epról.
_982671
910 _aBtavárez
942 _2ddc
_cLBS1
999 _c52755
_d52755